000 01243nam a2200301 a 4500
001 ebr10441087
003 CaPaEBR
006 m u
007 cr cn|||||||||
008 110121s2010 enka s 001 0 eng d
020 _z9781849680424
020 _z9781849510431 (e-book)
040 _aCaPaEBR
_cCaPaEBR
035 _a(OCoLC)702639068
050 1 4 _aHF5548.2
_b.P65 2010eb
100 1 _aPolino, Mark.
245 1 0 _aMicrosoft Dynamics GP 2010 cookbook
_h[electronic resource] :
_bsolve real-world Dynamics GP problems with over 100 immediately usable and incredibly effective recipes /
_cMark Polino.
260 _aBirmingham, U.K. :
_bPackt Enterprise,
_c2010.
300 _aiv, 306 p. :
_bill. (chiefly col.)
500 _aIncludes index.
533 _aElectronic reproduction.
_bPalo Alto, Calif. :
_cebrary,
_d2011.
_nAvailable via World Wide Web.
_nAccess may be limited to ebrary affiliated libraries.
630 0 0 _aMicrosoft CRM.
650 0 _aBusiness
_xComputer programs.
655 7 _aElectronic books.
_2local
710 2 _aMicrosoft Corporation.
710 2 _aebrary, Inc.
856 4 0 _uhttp://site.ebrary.com/lib/rucke/Doc?id=10441087
_zAn electronic book accessible through the World Wide Web; click to view
999 _c245805
_d245805